Code monétaire et financier

Đã lưu trong:
書目詳細資料
主要作者: Pezard, Alice
格式: 圖書
語言:Undetermined
出版: Paris, Fre. Litec 2001
主題:
標簽: 添加標簽
沒有標簽, 成為第一個標記此記錄!
Thư viện lưu trữ: Trung tâm Học liệu Trường Đại học Cần Thơ
LEADER 00502nam a2200193Ia 4500
001 CTU_61607
008 210402s9999 xx 000 0 und d
082 |a 343.44032 
082 |b P521 
100 |a Pezard, Alice 
245 0 |a Code monétaire et financier 
245 0 |c Alice Pezard 
260 |a Paris, Fre. 
260 |b Litec 
260 |c 2001 
650 |a Finance, public 
650 |x Law and legislation 
904 |i Minh,Hải 
980 |a Trung tâm Học liệu Trường Đại học Cần Thơ